000 01333nam a2200325 i 4500
001 000005091
003 DO-SdBNP
005 20250715100204.0
007 ta
008 090729s1999 dr a 000 0 spa d
040 _aDO-SdBNP
_bspa
_cBNPHU
_erda
041 _aspa
082 4 _a364.1323
_bC748d
_222
111 1 _aConferencia Nacional de Prevención de Corrupción
_n(2 : 1997:
_cSanto Domingo)
_914614
245 1 0 _aDocumentos de la segunda Conferencia Nacional de Prevención de la Corrupción ).
264 1 _aSanto Domingo :
_bBanco Central de la República Dominicana,
_c1999.
300 _a258 páginas :
_bilustraciones ;
_c22 cm.
336 _atexto
_btxt
_2rdacontent
337 _asin mediación
_bn
_2rdamedia
338 _avolumen
_bnc
_2rdacarrier
500 _aIncluye referencias bibliográficas y notas al pie de las páginas
590 _aInventariado, 2019/MFF
650 4 _aCorrupción política
_zRepública Dominicana
_vCongresos, conferencias, etc.
_914615
650 4 _aCorrupción administrativa
_vCongresos, conferencias, etc.
_914616
650 4 _aÉtica política
_vCongresos, conferencias, etc.
_914617
700 1 _aPortes, Braulio,
_d1935-
_eprologuista
_4pr.
_980454
710 2 _aBanco Central de la República Dominicana
_983405
910 _aValidado. Control de calidad MFF
942 _2ddc
_cLBS1
999 _c4894
_d4894